LEADER 01053nlm0 22003131i 450 001 990009801440403321 005 20131212110004.0 010 $a9781444392364$bonline 035 $a000980144 035 $aFED01000980144 035 $a(Aleph)000980144FED01 035 $a000980144 100 $a20131212d2011----km-y0itay0103----ba 101 0 $aeng 135 $adrnn-008mamaa 200 1 $aManaging the professional practice in the built environment$bRisorsa elettronica$fedited by Hedley Smyth 210 $aChichester, West Sussex ; Ames, Iowa$cWiley-Blackwell$d2011 230 $aDocumento elettronico 336 $aTesto 337 $aFormato pdf 676 $a624.068 702 1$aSmyth,$bHedley 801 0$aIT$bUNINA$gREICAT$2UNIMARC 856 4 $zFull text per gli utenti Federico II$uhttp://onlinelibrary.wiley.com/book/10.1002/9781444392364 901 $aEB 912 $a990009801440403321 961 $aConstruction industry$aManagement 996 $aManaging the professional practice in the built environment$9837160 997 $aUNINA LEADER 00895nam a22002297i 4500 001 991004284137907536 005 20230718125037.0 008 230718s1997---- | |101 0 ita 020 $a8844900513 040 $aBibl. Dip.le Aggr. Scienze Economia - Sez. Settore Economico 082 04$a368.945 245 00$aBanca e assicurazione :$baspetti giuridici ed economici : le ragioni e le regole dell'integrazione /$csaggi di E. Granata ... [et al.] 260 $aRoma :$bBancaria,$c1997 300 $a195 p. ;$c24 cm 490 1 $aCollana ABI diritto e fisco :$v8 500 $aIl vol. raccoglie gli interventi al Convegno organizzato dall'ABI su "Banche e assicurazioni", Roma, 5 febbraio 1997 500 $aSegue: Appendice normativa 650 4$aAssicurazioni$zItalia 700 1 $aGranata, Enrico 912 $a991004284137907536 996 $aBanca e assicurazione$91400115 997 $aUNISALENTO LEADER 02446oam 2200685 450 001 9910715339503321 005 20210916145440.0 035 $a(CKB)5470000002510640 035 $a(OCoLC)1240180767 035 $a(EXLCZ)995470000002510640 100 $a20210301d2021 ua 0 101 0 $aeng 135 $aur||||||||||| 181 $ctxt$2rdacontent 182 $cc$2rdamedia 183 $acr$2rdacarrier 200 10$aBusiness meeting $emeeting before the Committee on Environment and Public Works, United States Senate, One Hundred Sixteenth Congress, second session, December 2, 2020 210 1$aWashington :$cU.S. Government Publishing Office,$d2021. 215 $a1 online resource (iv, 164 pages) $cillustrations 225 1 $aS. hrg. ;$v116-399 517 $aBusiness meeting 606 $aNuclear facilities$xLaw and legislation$zUnited States 606 $aNuclear reactors$xSafety measures 606 $aInfrastructure (Economics)$zUnited States 606 $aNuclear energy$xGovernment policy$zUnited States 606 $aBuilding leases$zUnited States 606 $aPublic buildings$xMaintenance and repair 606 $aBuilding leases$2fast 606 $aInfrastructure (Economics)$2fast 606 $aNuclear energy$xGovernment policy$2fast 606 $aNuclear facilities$xLaw and legislation$2fast 606 $aNuclear reactors$xSafety measures$2fast 606 $aPublic buildings$xMaintenance and repair$2fast 607 $aUnited States$2fast 608 $aLegislative hearings.$2fast 608 $aLegislative hearings.$2lcgft 615 0$aNuclear facilities$xLaw and legislation 615 0$aNuclear reactors$xSafety measures. 615 0$aInfrastructure (Economics) 615 0$aNuclear energy$xGovernment policy 615 0$aBuilding leases 615 0$aPublic buildings$xMaintenance and repair. 615 7$aBuilding leases. 615 7$aInfrastructure (Economics) 615 7$aNuclear energy$xGovernment policy. 615 7$aNuclear facilities$xLaw and legislation. 615 7$aNuclear reactors$xSafety measures. 615 7$aPublic buildings$xMaintenance and repair. 801 0$bGPO 801 1$bGPO 801 2$bOCLCO 801 2$bDWP 801 2$bOCLCF 801 2$bGPO 801 2$bOCLCQ 801 2$bGPO 906 $aBOOK 912 $a9910715339503321 996 $aBusiness meeting$93184312 997 $aUNINA